| 000 | 01108nam a2200349Ia 4500 | ||
|---|---|---|---|
| 001 | dia_3159 | ||
| 003 | CHAP | ||
| 005 | 20230704091210.0 | ||
| 008 | 220117s2012 xx 000 0 und d | ||
| 010 | _a176983 | ||
| 020 | _a978-0-7788-0416-1 | ||
| 040 | _cCHAP | ||
| 082 | _a641.6565 B47 2012 | ||
| 245 |
_a250 best beans, lentils & tofu recipes : healty, wholesome foods / _c edición Judith Finlayson |
||
| 260 |
_aCanadá : _b Robert Rose, _c2012 |
||
| 300 | _a288 p. | ||
| 590 | _aTX814.5.B4 B47 2012 | ||
| 650 |
_aCocinando (Frijoles) _9159861 |
||
| 650 |
_aCocinando (Lentejas) _9159862 |
||
| 650 |
_aCocinando (Tofu) _9159863 |
||
| 650 |
_aCooking (Beans) _9159864 |
||
| 650 |
_aCooking (Lentils) _9159865 |
||
| 650 |
_aCooking (Tofu) _9159866 |
||
| 650 |
_aRecetas _9159867 |
||
| 650 |
_aRecipes _9159868 |
||
| 700 |
_aFinlayson, Judith, ed. _9159869 |
||
| 740 | _aTwo hundred fifty best beans, lentils & tofu recipes | ||
| 901 | _a641.6565 B47 2012 | ||
| 902 | _aM | ||
| 905 | _a5232272012 xxcf 8222223322eng16 | ||
| 942 |
_cLIBRO _2ddc |
||
| 999 |
_c176983 _d176983 |
||